000 00645cam a22002413a 4500
001 19362
003 PGUSA
005 20140828083418.0
008 060923s2006||||xxu|||||s|||||000 1 eng d
040 _aPGUSA
_beng
042 _adc
050 4 _aPQ
100 1 _aVerne, Michel,
_d1861-1925
245 1 0 _aIn the Year 2889
_h[electronic resource] /
_cMichel Verne
260 _bProject Gutenberg,
_c2006
506 _aPublic domain in the USA.
516 _aElectronic text
653 _aScience fiction
653 _aShort stories
830 0 _aProject Gutenberg
_v19362
856 4 0 _uhttp://www.gutenberg.org/ebooks/19362
942 _cEB
999 _c248617
_d248617